000 02863ngm a2200457 4500
003 dpl
005 20100315134942.0
007 DVD
008 ||||||sp199 xxu|||||c ||| 00| 0 ng d
010 _aDVD-006711-6718
024 _c45.00
_aSHE 2106 F2
035 _aDVD-006711-6718
040 _aDPL
_cDPL
082 _aDVD NAMA
245 _aNamak Halal
_cChaudhary Enterprises Presents
_h[videorecording] VCD/
260 _bShemaroo Home Entertainment
300 _a2 videodisc VCD;
_bsd., col. ;
_c4 3/4 in.
_fVCD
440 _aShemaroo Home Entertainment
500 _aMastered From The Original Film
500 _aThis Title in Completed with 2 Disc. Not to be sold individually.
500 _aFilmfare Award Winner: Best Playback Singer- Kishore Kumar
538 _aDolby Digital 5.1 - Hindi Subtitles: English
538 _aNTSC Format-All Regions, 16x9 Anamorphic (2:23.1 Aspect Ratio), Dual Layer
650 _aMotion Picture
700 _aMehra, Prakash
700 _aSatyendra Pal
700 _aLahiri, Bappi
700 _aBachchan, amitabh
700 _aPatil, Smita
700 _aKapoor, Shashi
942 _cCF
_2ddc
_hDVD
_mNAMA
999 _c34679
_d34679